000 01119cam a22002892 4500
001 0000020168
005 20151021151138.0
008 110819s xx 000 0 eng d
020 _a8131727256
040 _aKABU
_cKABU
100 1 _aPfleeger, Charles P.
_@0000170280
245 1 0 _aSecurity in computing /
_cCharles P. Pfleeger, Shari Lawrence Pfleeger, Devan Shah.
250 _a4th ed.
260 _aDelhi :
_bPearson,
_c2009.
300 _axxvii, 868 p.
650 0 _aComputer security.
_@0000148177
650 0 _aData protection.
_@0000155028
700 1 _aPfleeger, Shari Lawrence.
_@0000154851
700 1 _aShah, Devan.
_@0000180282
852 1 _9p1560 KES
852 1 _9p1560 KES
852 1 _9p1560 KES
852 1 _9p1560 KES
852 1 _9p1560 KES
908 _a110819
950 _@1
999 _c1180
_d1180